000 00261nam a2200097Ia 4500
001 1250284
005 20251031150853.0
008 251031s9999 xx 000 0 und d
245 0 _cBURAK AKYOL
_aA-5 ÖZGÜRLÜK DAİMA YALNIZLARINDIR
260 _bDESTEK YAYINLARI
999 _c1250284
_d1250284